EL SISTEMA MEXICANO: LAS ALTERNATIVAS DE UNA PARTICIPACION POPULAR EN EL DESARROLLO/

TRADUCCION DE: LE SYSTEME MEXICAIN: LES AVATARS D'UNE PARTICIPATION POPULAIRE AU DEVELOPPEMENT

Guardat en:
Dades bibliogràfiques
Autor principal: Meister, Albert (autor)
Format: Llibre
Col·lecció:A PLENO SOL; 28
Matèries:
Etiquetes: Afegir etiqueta
Sense etiquetes, Sigues el primer a etiquetar aquest registre!

MARC

LEADER 00000nam^a2200000^a^4500
001 000224260
005 20250521000000.0
009 20260310104044.697
035 |a 043388 
037 |a Acervo Xavier Clavigero 
082 |a 303. 440972  |b MEI 
100 |a Meister, Albert  |e (autor) 
245 1 3 |a EL SISTEMA MEXICANO:  |b LAS ALTERNATIVAS DE UNA PARTICIPACION POPULAR EN EL DESARROLLO/  |c ALBERT MEISTER; TR. ROMEO MEDINA 
264 |a MEXICO :  |b EXTEMPORANEOS,  |c 1973 
300 |a 200p. 
336 |a texto  |b txt  |2 rdacontenido 
337 |a sin mediación  |b n  |2 rdamedio 
338 |a volumen  |b nc  |2 rdasoporte 
440 |a A PLENO SOL;  |v 28 
520 |a TRADUCCION DE: LE SYSTEME MEXICAIN: LES AVATARS D'UNE PARTICIPATION POPULAIRE AU DEVELOPPEMENT 
520 |a INDICE 
649 |a XX 
650 |a Política -  |z México 
650 |a México -  |x Condiciones Sociales y Culturales 
650 |a Desarrollo Económico-Social 
910 |a Fondo General 
920 |a Impresos - Libros 
930 |a Colección General 
905 |a 101 
901 |a 043388  |b IT1  |c ACC  |i 043388  |u 20250521 
902 |a https://opac.biblio.iteso.mx/vufind/Record/000224260